Clean water infrastructure financing : state and local perspectives and recent developments : hearing before the Subcommittee on Water Resources and Environment of the Committee on Transportation and Infrastructure, House of Representatives, One Hundred Eighteenth Congress, first session, September 28, 2023.

Bibliographic Details
Corporate Author: United States. Congress. House. Committee on Transportation and Infrastructure. Subcommittee on Water Resources and Environment (Author)
Format: Government Document eBook
Language:English
Published: Washington : U.S. Government Publishing Office, 2023.
Subjects:
Online Access:https://purl.fdlp.gov/GPO/gpo221080

MARC

Tag First Indicator Second Indicator Subfields
LEADER 00000cam a2200000 i 4500
001 in00004767621
006 m o d f
007 cr |||||||||||
008 231221s2023 dcu ob f000 0 eng c
005 20240320215611.4
024 8 |a 54-211  |q (GPO jacket number) 
035 |a (OCoLC)on1415805839 
040 |a GPO  |b eng  |e rda  |e pn  |c GPO  |d GPO  |d MvI 
042 |a pcc 
043 |a n-us--- 
049 |a WWW 
074 |a 1024-C-01 (online) 
086 0 |a Y 4.T 68/2:118-30  |z Y 14.T 68/2:118-30 
110 1 |a United States.  |b Congress.  |b House.  |b Committee on Transportation and Infrastructure.  |b Subcommittee on Water Resources and Environment,  |e author. 
245 1 0 |a Clean water infrastructure financing :  |b state and local perspectives and recent developments : hearing before the Subcommittee on Water Resources and Environment of the Committee on Transportation and Infrastructure, House of Representatives, One Hundred Eighteenth Congress, first session, September 28, 2023. 
264 1 |a Washington :  |b U.S. Government Publishing Office,  |c 2023. 
300 |a 1 online resource (xi, 86 pages) 
336 |a text  |b txt  |2 rdacontent 
337 |a computer  |b c  |2 rdamedia 
338 |a online resource  |b cr  |2 rdacarrier 
500 |a In scope of the U.S. Government Publishing Office Cataloging and Indexing Program (C&I) and Federal Depository Library Program (FDLP). 
500 |a Access ID (govinfo): CHRG-118hhrg54211. 
500 |a Associated bill citation(s): S. 29. 
500 |a "118-30." 
500 |a GPO Cataloging Record Distribution Program (CRDP). 
504 |a Includes bibliographical references. 
511 0 |a Hearing witnesses: Lori Johnson, Assistant Chief, Financial Assistance Division, Oklahoma Water Resources Board, on behalf of the Council of Infrastructure Financing Authorities; Todd P. Swingle, P.E., Chief Executive Officer and Executive Director, Toho Water Authority, on behalf of the National Association of Clean Water Agencies; James M. Proctor II, Senior Vice President, Legal and External Affairs, McWane, Inc., on behalf of the U.S. Chamber of Commerce,; Rebecca Hammer, Deputy Director of Federal Water Policy, Natural Resources Defense Council,. 
518 |a Date of hearing: 2023-09-28. 
588 |a Description based on online resource; title from PDF title page (GovInfo, viewed Dec. 20, 2023). 
650 0 |a Sewage  |x Purification  |z United States. 
650 0 |a Sewage  |x Environmental aspects  |z United States. 
650 0 |a Infrastructure (Economics)  |x Law and legislation  |z United States. 
650 0 |a Drinking water  |x Law and legislation  |z United States. 
650 0 |a Federal aid to water quality management  |z United States. 
650 7 |a Transportation and Public Works.  |2 cgpa 
655 7 |a Legislative hearings.  |2 lcgft 
776 0 8 |i Print version:  |a United States. Congress. House. Committee on Transportation and Infrastructure. Subcommittee on Water Resources and Environment.  |t Clean water infrastructure financing  |w (OCoLC)1415805571 
856 4 0 |u https://purl.fdlp.gov/GPO/gpo221080  |t 0 
999 f f |s 6a8c6bf2-b679-4ecf-9f99-4bb2c5814b0d  |i e3c94c61-6b7e-45c9-a8ba-9cbe73441e1c  |t 0 
952 f f |a Texas A&M University  |b College Station  |c Electronic Resources  |d Available Online  |t 0  |e Y 4.T 68/2:118-30  |h Superintendent of Documents classification 
998 f f |a Y 4.T 68/2:118-30  |t 0  |l Available Online